000 00733cam a2200229 a 4500
001 000018273
005 20200929165430.0
008 940826s1994 ag b 001 e spa d
020 _a9509946621
040 _aDO-SdBNP
_bspa
_cDLC
_dBNPHU
082 _a864.44
_bB928e
100 1 _aBuela, Alberto E.
_939575
245 1 0 _aEnsayos iberoamericanos /
_cAlberto Buela.
260 _aBuenos Aires, (Argentina) :
_bEditorial Cultura et Labor,
_c1994.
300 _a97 p. ;
_c20 cm.
504 _aIncluye referencias bibliográficas.
650 4 _aEnsayos latinoamericanos
_939576
650 4 _aLiteratura latinoamericana
_94717
650 4 _aFilosofía latinoamericana
_9471
910 _aCatalogación por copia / LC
049 _aBNGR
999 _c17794
_d17794